000
00258nam a2200109Ia 4500
008
220204s9999 xx 000 0 und d
082
_a
632.95:543
_b
DAS
100
_a
Das, K G
245
0
_a
Pesticide analysis
260
_a
New York
_b
Dekker
_c
1981
942
_c
BK
999
_c
36374
_d
36374